书目信息 |
| 题名: |
公关礼仪
|
|
| 作者: | 张百章 , 何伟祥 编著 | |
| 分册: | ||
| 出版信息: | 大连 东北财经大学出版社 2005.03 |
|
| 页数: | 310页 | |
| 开本: | 23cm | |
| 丛书名: | 教育部规划高职高专国际商务专业教材新系 | |
| 单 册: | ||
| 中图分类: | C912.3 | |
| 科图分类: | ||
| 主题词: | 公共关系学--gong gong guan xi xue--礼仪--高等学校--技术学校--教材 | |
| 电子资源: | ||
| ISBN: | 7-81084-563-2 | |
| 000 | 01071nam 2200277 450 | |
| 001 | 012006384329 | |
| 005 | 20060921164535.48 | |
| 010 | @a7-81084-563-2@dCNY24.00 | |
| 100 | @a20060711d2005 km y0chiy0120 ea | |
| 101 | 0 | @achi |
| 102 | @aCN@b210000 | |
| 105 | @ay a 000yy | |
| 200 | 1 | @a公关礼仪@Agong guan li yi@f张百章, 何伟祥编著@Fzhang bai zhang,he wei xiang bian zhu |
| 210 | @a大连@c东北财经大学出版社@d2005.03 | |
| 215 | @a310页@d23cm | |
| 225 | 2 | @a教育部规划高职高专国际商务专业教材新系@Ajiao yu bu gui hua gao zhi gao zhuan guo ji shang wu zhuan ye jiao cai xin xi |
| 320 | @a有书目。 | |
| 330 | @a本书比较系统地介绍了公关礼仪的基本知识,包括个体形象礼仪、口头语言礼仪、体态礼仪以及涉外礼仪等。 | |
| 333 | @a21世纪新概念换代2型教材 | |
| 410 | 0 | @12001 @a教育部规划高职高专国际商务专业教材新系 |
| 606 | 0 | @a公共关系学@Agong gong guan xi xue@x礼仪@x高等学校@x技术学校@j教材 |
| 690 | @aC912.3@v4 | |
| 701 | 0 | @a张百章@Azhang bai zhang@4编著 |
| 701 | 0 | @a何伟祥@Ahe wei xiang@4编著 |
| 801 | 0 | @aCN@bQSSK@c20060921 |
| 905 | @a10447@dC912.3@eZ079 | |
| 公关礼仪/张百章, 何伟祥编著.-大连:东北财经大学出版社,2005.03 |
| 310页;23cm.-(教育部规划高职高专国际商务专业教材新系) |
| 使用对象:21世纪新概念换代2型教材 |
| ISBN 7-81084-563-2:CNY24.00 |
| 本书比较系统地介绍了公关礼仪的基本知识,包括个体形象礼仪、口头语言礼仪、体态礼仪以及涉外礼仪等。 |
| ● |
| 相关链接 |
|
|
|
正题名:公关礼仪
索取号:C912.3/Z079
 
预约/预借
| 序号 | 登录号 | 条形码 | 馆藏地/架位号 | 状态 | 备注 |
| 1 | 595804 | 205958043 | 社科库509/509社科库 59排5列2层/ [索取号:C912.3/Z079] | 在馆 | |
| 2 | 595805 | 205958052 | 社科库509/422社科库 17排2列6层/ [索取号:C912.3/Z079] | 在馆 | |
| 3 | 595806 | 205958061 | 社科库509/509社科库 59排5列2层/ [索取号:C912.3/Z079] | 在馆 |